| 000 | 00000nam##2200000za#4500 |
| 001 | 9.580464 |
| 003 | CaOODSP |
| 005 | 20210624191041 |
| 007 | cr ||||||||||| |
| 008 | 150406|1981||||xxc|||||o f|0| 0 eng|d |
| 040 | |aCaOODSP|beng |
| 043 | |an-cn--- |
| 086 | 1 |aFs97-14/120-1981E-PDF |
| 110 | 1 |aCanada. |bDepartment of Fisheries and Oceans. |
| 245 | 10|aReview of the 1978-79 British Columbia herring fishery and spawn abundance / |h[electronic resource]|cby D.D. Chalmers and P.E. Sprout. |
| 260 | |aVancouver - British Columbia : |bFisheries and Oceans Canada |c1981. |
| 300 | |a57p.|bfigs., tables |
| 490 | 1 |aCanadian industry report of fisheries and aquatic sciences|vNo. 120 |
| 500 | |aFile reproduced from original print. On t. p. : Field Services Branch, Vancouver, British-Columbia. The catalogue number and ISSN for the print edition appear in the PDF version. |
| 546 | |a(Résumé en français.) |
| 590 | |a14-15-Supp|b2014-09-04 |
| 720 | 1 |aChalmers, D. D. |
| 830 | #0|aCanadian industry report of fisheries and aquatic sciences ;|vNo. 120|w(CaOODSP)9.505199 |
| 856 | 40|ahttp://publications.gc.ca|qPDF|s916 KB|uhttps://publications.gc.ca/collections/collection_2014/mpo-dfo/Fs97-14-120-1981-eng.pdf|yNo. 120 |